书目信息 |
| 题名: |
中国古代音乐史. 下册
|
|
| 作者: | 陈四海 编著 | |
| 分册: | ||
| 出版信息: | 西安 陕西旅游出版社 2000.09 |
|
| 页数: | 362页 | |
| 开本: | 20cm | |
| 丛书名: | ||
| 单 册: | ||
| 中图分类: | J640.9 | |
| 科图分类: | ||
| 主题词: | 音乐--作品--中国 | |
| 电子资源: | ||
| ISBN: | 7-5418-1306-0 | |
| 000 | 00601nam0 2200193 450 | |
| 001 | 1638111879 | |
| 005 | 20160830105112.34 | |
| 010 | @a7-5418-1306-0@dCNY 32.00 | |
| 100 | @a20160830d2000 km y0chiy0120 ea | |
| 101 | 0 | @achi |
| 102 | @aCN@b610000 | |
| 200 | 1 | @a中国古代音乐史. 下册@Azhong guo gu dai yin yue shi.xia ce@f陈四海编著@Fchen si hai bian zhu |
| 210 | @a西安@c陕西旅游出版社@d2000.09 | |
| 215 | @a362页@d20cm | |
| 606 | 0 | @a音乐@x作品@x中国 |
| 690 | @aJ640.9@v4 | |
| 701 | 0 | @a陈四海@Achen si hai@4编著 |
| 801 | 0 | @aCN@b大连网信软件有限公司图书馆·11@c20160830 |
| 905 | @aZUCC@dJ640.9@eC562:2 | |
| 中国古代音乐史. 下册/陈四海编著.-西安:陕西旅游出版社,2000.09 |
| 362页;20cm |
| ISBN 7-5418-1306-0:CNY 32.00 |
| ● |
| 相关链接 |
|
|
|
正题名:中国古代音乐史. 下册
索取号:J640.9/C562:2
 
预约/预借
| 序号 | 登录号 | 条形码 | 馆藏地/架位号 | 状态 | 备注 |
| 1 | 1238283 | 212382839 | 社科库309/309社科库 93排2列6层/ [索取号:J640.9/C562:2] | 在馆 | |
| 2 | 1238284 | 212382848 | 社科库309/309社科库 93排2列6层/ [索取号:J640.9/C562:2] | 在馆 |